l'Attaque des Titans Personnages - Statistiques

Statistiques générales
  • Ce quiz a été pris 2 110 fois
    2 109 depuis la dernière actualisation
  • Le résultat moyen est 28 sur 50
Statistiques - réponses
Indice Personnage % Correct
Ami d’enfance d’Eren et de Mikasa Armin Arlelt
98%
Soeur adoptive d'Eren Jäger Mikasa Ackerman
98%
Le soldat le plus puissant de l'Armée des Murs. Livaï Ackerman
95%
Détenteur du Titan Féminin Annie Leonhart
92%
Son Nom: Eren Jäger
92%
Membre de la 104e Brigade d'Entrainement. Elle est accapareuse de nourriture compulsive Sasha Braus
92%
Membre de la 104e brigade d'entrainement, il est quelqu'un de très franc et n'hésite jamais à dire clairement ce qu'il pense Jean Kirschtein
91%
Il hérita du pouvoir du Titan Cuirassé Reiner Braun
91%
En dehors d'Historia, il semblerait qu'elle n'apprécie pas grand monde Ymir
88%
Fille illégitime du Prince Rhodes et la dernière survivante de la Famille Reiss Historia Reiss
85%
Détenteur du Titan Bestial Sieg Jäger
85%
Il est l'un des soldats du Bataillon d'exploration ainsi que le Commandant en chef de ce dernier Erwin Smith
82%
Père d'Eren Grisha Jager
82%
Membre de la 104e Brigade d'Entrainement. Sa plus grande ambition étant de rendre sa famille et son village fiers de lui. Conny Springer
78%
Père d'Historia Rhodes Reiss
71%
Un officier militaire haut gradé, et est également le plus haut responsable militaire de défense des territoires du Sud Dot Pixis
69%
Fille ayant donné le nom du Mur le plus extérieur Maria Fritz
69%
Tueur vicieux qui tranchait la gorge de ses victimes. Il était si compétent pour ne pas se faire attraper qu'il était considéré par certains comme une légende urbaine connue sous le nom de l'Égorgeur Kenny Ackerman
67%
Il hérita du Titan Colossal Bertolt Hoover
65%
Sa très haute intelligence en fait un chercheur ayant pour tâche d'inventer et de mener des recherches novatrices sur les Titans Hansi Zoe
65%
Fille ayant donné le nom de l'autre Mur Rose Fritz
64%
Elle est la candidate ayant le plus de chance de devenir le titan Cuirassé. Gaby Braun
63%
Annie apparut et lui retira son équipement tridimensionnelle, il mourut donc Marco Bott
63%
Grande ancêtre du peuple Eldia et l'ainée de tous les Titans Ymir Fritz
63%
Il fût détenteur du Titan Mâchoire Porco Galliard
62%
Après avoir été transformé en Titan par Sieg et dévoré Porco, il est devenu l'actuel Titan Mâcheur Falco Gleis
60%
Mère d'Eren Carla Jäger
59%
Fille ayant donné le nom du Mur le plus intérieur Sina Fritz
59%
Détentrice du Titan Charrette Peak Finger
54%
La chouette Eren Kruger
49%
Auteur de l'Attaque des titans Hajime Isayama
48%
L'ami d'enfance de Reiner et Bertholt. Marcel Gailliard
43%
Noble eldien vivant dans l'opulence à Mahr. Il fait partie du Clan Teyber, Willy Teyber
43%
Bon cuisinier, soldat qui faisait parti de l'équipage du premier navire de reconnaissance Mahr envoyé sur l'île du Paradis. Nicolo
41%
Epouse de Grisha Jager Dinah Jager
39%
Une membre du Bataillon d'Exploration choisie personnellement par le Caporal-Chef Livaï pour intégrer l'Escouade Tactique Petra Ralle
38%
A été détentrice du Titan Originel Frieda Reiss
35%
145ème Roi de l'ancien royaume d'Eldia Karl Fritz
33%
Dirigeant de l'Unité Eldienne de l'Armée Mahr Theo Magath
33%
Homme allié au Bataillon d'Exploration lors de la bataille de Révélio. Il pilote un dirigeable, en suivant les ordres du Major Hansi Onyankopon
29%
Une membre des Brigades Spéciales localisée dans le District de Stohess. Elle était membre de la 104ème Brigade d'entraînement, Hitch Doris
27%
Bon joueur de Baseball Tom Xaver
23%
Soldat du Bataillon d'exploration, ayant rejoint ce dernier après le couronnement d'Historia Reiss, Frock Vorster
20%
Ce Général-en-Chef est le Soldat qui dirige les 3 Régiments de l'Armée des Murs Daris Zackley
18%
Pro Jager Jelena
17%
Sasha l'a sauvée du père de Conny lors de l'Invasion du Mur Rose et vit maintenant avec la Famille Braus Kaya
17%
C'etait un soldat du Bataillon d'exploration qui faisait parti de la Brigade des Opérations Spéciales commandée par le Capitaine Livaï Ackerman Auruo Bossard
16%
Tante d'Eren Jager Faye Jäger
13%
Ambassadrice du peuple d'Heazul et une alliée des eldiens de Paradis. Kiyomi Azumabito
11%
Ce seigneur riche Lord habitant dans un grand manoir. Vivant dans l'opulence, il reçoit régulièrement la visite du commandant Dot Pixis, avec qui il joue aux échecs Wald
5%
Aucun quiz correspondant
Distribution des résultats
% des personnes avec chaque résultat
Percentile par nombre de réponses
Votre historique - résultats
Vous n’avez pas pris ce quiz depuis la dernière actualisation